| 000 | 00549nam a22001697a 4500 | ||
|---|---|---|---|
| 008 | 170119b xxu||||| |||| 00| 0 eng d | ||
| 020 | _a9780131860339 | ||
| 050 |
_aHB172.5 _b.B57 2006 |
||
| 100 | _aBlanchard, Olivier(Olivier J.) | ||
| 245 |
_aMacroeconomics / _cOlivier Blanchard |
||
| 250 | _a4th ed | ||
| 260 |
_aUpper Saddle River, N.J. : _bPearson Prentice Hall, _c2006 |
||
| 300 |
_avi, 440 p. : _bill. (some col.) ; _c26 cm |
||
| 500 | _aIncludes bibliographical references and index | ||
| 650 | _aMacroeconomics | ||
| 942 |
_2lcc _cBK |
||
| 999 |
_c48000 _d48000 |
||